• 首页
  • 本馆介绍
  • 公告通知
  • 最新文献
  • 馆藏检索
  • 电子资源
  • 读者导购
  • 参考咨询
  • 我的图书馆
  • 登录
  • 详细信息显示
  • 放入我的书架
  • 预约/预借图书
  • 作者相关作品
  • 分类相关作品
  • 丛书相关作品
  • 出版社相关作品

书目信息

  • 表格格式
  • 工作单格式
  • 卡片格式
题名:
明治
    
 
作者: 茂吕美耶 著
分册:  
出版信息: 成都   四川文艺出版社  2018
页数: 307页
开本: 21cm
丛书名:
单 册:
中图分类: D731.386.8 , I313.65
科图分类:
主题词: 女性--Nv Xing--社会生活--日本--明治时期 , 随笔--Sui Bi--日本--现代--作品集
电子资源:
ISBN: 978-7-5411-4856-9
000 01344cam0 2200289 450
001 012001010273
005 20140101133822.0
010    @a978-7-5411-4856-9@dCNY58.00
099    @aCAL 012018030986
100    @a20180330d2018 em y0chiy50 ea
101 0  @achi
102    @aCN@b510000
105    @aac z 000cy
106    @ar
200 1  @a明治@AMing Zhi@e含苞待放的新时代、新女性@f(日) 茂吕美耶著
210    @a成都@c四川文艺出版社@d2018
215    @a307页@c图(部分彩图), 肖像@d21cm
300    @a腾讯·大家·书系
330    @a本书是日本作家茂吕美耶用中文写作的一部以明治时代为背景,介绍当时传奇女性及其生活方式的文化随笔。明治时代是1868年至1912年,是日本通过各项改革迈入近代化的时期,并通过一系列战争迈入列强的时期。作者在本书前一半介绍了明治新日本的社会衣食住行的变化,社会风貌,婚姻制度,女性地位等。后一半着重介绍了明治时代的新女性,这些新女性走在时代前端,大多是在教育、医疗领域开辟新天地的代表女性。作者的文笔非常通俗,对了解日本女性地位的发展演变具有普及启蒙作用。
517 1  @a含苞待放的新时代、新女性@AHan Bao Dai Fang De Xin Shi Dai、 Xin Nv Xing
606 0  @a女性@ANv Xing@x社会生活@y日本@z明治时期
606 0  @a随笔@ASui Bi@y日本@z现代@j作品集
690    @aD731.386.8@v5
690    @aI313.65@v5
701  0 @a茂吕美耶@AMao Lv Mei Ye@4著
801  2 @aCN@b上海新华@c20191020
905    @b1136269-72@dD731.386.8@e462@f4
    
    明治:含苞待放的新时代、新女性/(日) 茂吕美耶著.-成都:四川文艺出版社,2018
    307页:图(部分彩图), 肖像;21cm
    腾讯·大家·书系
    
    ISBN 978-7-5411-4856-9:CNY58.00
    本书是日本作家茂吕美耶用中文写作的一部以明治时代为背景,介绍当时传奇女性及其生活方式的文化随笔。明治时代是1868年至1912年,是日本通过各项改革迈入近代化的时期,并通过一系列战争迈入列强的时期。作者在本书前一半介绍了明治新日本的社会衣食住行的变化,社会风貌,婚姻制度,女性地位等。后一半着重介绍了明治时代的新女性,这些新女性走在时代前端,大多是在教育、医疗领域开辟新天地的代表女性。作者的文笔非常通俗,对了解日本女性地位的发展演变具有普及启蒙作用。
●
相关链接 在E读中查询图书 在五车中查询图书 在当当中查询图书 在豆瓣中查询图书


正题名:明治     索取号:D731.386.8/462         预约/预借

序号 登录号 条形码 馆藏地/架位号 状态 备注
1 1136269   211362693   第一样本阅览室/ [索取号:D731.386.8/462] 在馆    
2 1136270   211362700   第一借阅区/ [索取号:D731.386.8/462] 在馆    
3 1136271   211362719   第一借阅区/ [索取号:D731.386.8/462] 在馆    
4 1136272   211362728   第一借阅区/ [索取号:D731.386.8/462] 在馆    
唐山师范学院图书馆 欢迎您!
大连网信软件有限公司© 版权所有